000 00433nam a2200181Ia 4500
005 20251020182559.0
008 200515s9999 xx 000 0 und d
082 _aSC/331.16/O36/62
110 _aOIT
245 0 _aServicios de conciliación: estructura, funciones y técnicas
260 _aGinebra
260 _c1984
300 _a177
650 _aLIB
650 _aPUB OIT
650 _aRELACIONES DE TRABAJO
942 _cLIB
999 _c2992
_d2992